00347 a2200109 4500001001000000005001700010008004100027245003500068100002300103700002300126773008800149ART_4427220260410161938.0260409a 10aOn fringe benefits and layoffs1 aLieberman, Marc O.1 aJehle, Geoffrey A.0 tJournal of post Keynesian economicsg- Vol. 20, NÂș 2 (dic.1997/mar.1998)wREV26226